Development and Performance Analysis of Wind Supported Gravity Wheel (Record no. 58484)

MARC details
000 -LEADER
fixed length control field 00415nam a2200157Ia 4500
100 ## - MAIN ENTRY--AUTHOR NAME
Personal name 11ME03
100 ## - MAIN ENTRY--AUTHOR NAME
Personal name Kamran Safdar
245 #0 - TITLE STATEMENT
Title Development and Performance Analysis of Wind Supported Gravity Wheel
260 ## - PUBLICATION, DISTRIBUTION, ETC. (IMPRINT)
Place of publication Nawabshah
260 ## - PUBLICATION, DISTRIBUTION, ETC. (IMPRINT)
Name of publisher QUEST
260 ## - PUBLICATION, DISTRIBUTION, ETC. (IMPRINT)
Year of publication 2011
300 ## - PHYSICAL DESCRIPTION
Number of Pages 66
700 ## - ADDED ENTRY--PERSONAL NAME
Personal name Department of Mechanical Engineering
Holdings
Withdrawn status Lost status Home library Current library Date acquired Accession Number Koha item type
    Central Library, QUEST, Nawabshah Research Section 24/04/2018 MEP/25-316 Thesis and Dissertation